000 00591ntaaa2200193 4500
003 01
005 20251027202208.0
008 0714s1973 ag 01
040 _aAR-BaBN
_bspa
_cAR-BaBN
_eaacr
_dRIC
082 _a267.4300 C26
100 _aCasa Bautista de Publicaciones
_99284
245 _aManual para la Sociedad Auxiliar de Niñas Primarias
250 _a1 ed.
260 _aEl Paso :
_bCasa Bautista de Publicaciones,
_cn.f.
300 _a80 p
500 _aEjs. 3-6 (23259, 23260, 23261, 23262) retirados definitivamente de biblioteca
650 _aAuxiliar de niñas
942 _cBK
999 _c16874
_d16874